Európska únia ekonomika krajín
Salvato in:
| Autore principale: | |
|---|---|
| Ente Autore: | |
| Altri autori: | , , , , , , , , |
| Natura: | Libro |
| Lingua: | slovacco |
| Pubblicazione: |
Bratislava
Vydavateľstvo EKONÓM
2004
|
| Soggetti: | |
| Tags: |
Nessun Tag, puoi essere il primo ad aggiungerne!!
|
MARC
| LEADER | 00000nam$a2200000$$$4500 | ||
|---|---|---|---|
| 001 | 0005706 | ||
| 005 | 20240502071350.0 | ||
| 020 | |a 80-225-1807-7 | ||
| 041 | 0 | |a slo | |
| 044 | |a SK | ||
| 245 | 1 | 0 | |a Európska únia |b ekonomika krajín |c Ľudmila Lipková a kolektív |
| 264 | 1 | |a Bratislava |b Vydavateľstvo EKONÓM |c 2004 | |
| 300 | |a 140 s. | ||
| 610 | 2 | 0 | |a integrácia ekonomická medzinárodná |
| 610 | 2 | 0 | |a politika hospodárska |
| 610 | 2 | 0 | |a situácia hospodárska |
| 610 | 2 | 0 | |a hospodárstvo trhové |
| 610 | 2 | 0 | |a hospodárstvo trhové sociálne |
| 610 | 2 | 0 | |a obchod zahraničný |
| 610 | 2 | 0 | |a investície priame zahraničné |
| 610 | 2 | 0 | |a politika zahraničnoobchodná |
| 610 | 2 | 0 | |a vývoj |
| 610 | 2 | 0 | |a rast hospodársky |
| 610 | 2 | 0 | |a podmienky sociálne |
| 610 | 2 | 0 | |a trh práce |
| 610 | 2 | 0 | |a pomoc rozvojová |
| 610 | 2 | 0 | |a odvetvia činnosti ekonomickej |
| 610 | 2 | 0 | |a produkt domáci hrubý |
| 610 | 2 | 0 | |a nezamestnanosť |
| 610 | 2 | 0 | |a politika menová |
| 610 | 2 | 0 | |a konkurencieschopnosť |
| 610 | 2 | 0 | |a zadlženosť zahraničná |
| 610 | 2 | 0 | |a porovnanie medzinárodné |
| 610 | 2 | 0 | |a Európska únia |
| 100 | 1 | |a Lipková, Ľudmila | |
| 700 | 1 | |a Csabay, Marek | |
| 700 | 1 | |a Grešš, Martin, 1978- | |
| 700 | 1 | |a Hromý, Bruno | |
| 700 | 1 | |a Kováč, Matej | |
| 700 | 1 | |a Porubský, Juraj | |
| 700 | 1 | |a Pupáková, Zuzana | |
| 700 | 1 | |a Rusiňák, Peter | |
| 700 | 1 | |a Schönwiesner, Roman | |
| 700 | 1 | |a Tkáč, Richard | |
| 710 | 2 | |a Ekonomická univerzita v Bratislave. Fakulta medzinárodných vzťahov | |